Time limits in art and antiquity claims (Record no. 66709)
[ view plain ]
| 000 -LEADER | |
|---|---|
| fixed length control field | 01074cam a2200205 4500 |
| 001 - CONTROL NUMBER | |
| control field | X111947 |
| 008 - FIXED-LENGTH DATA ELEMENTS--GENERAL INFORMATION | |
| fixed length control field | 000000n2001 000 0 eng u |
| 035 ## - SYSTEM CONTROL NUMBER | |
| System control number | (Sirsi) u111947 |
| 100 ## - MAIN ENTRY--PERSONAL NAME | |
| Personal name | Redmond-Cooper, R. |
| 245 ## - TITLE STATEMENT | |
| Title | Time limits in art and antiquity claims |
| 260 ## - PUBLICATION, DISTRIBUTION, ETC. | |
| Date of publication, distribution, etc. | 2001 |
| 490 ## - SERIES STATEMENT | |
| Series statement | Art Antiquity and Law |
| Volume/sequential designation | 4(4) December 1999, 323-346(24) |
| 520 ## - SUMMARY, ETC. | |
| Summary, etc. | Provides an overview of the limitation periods applicable in English law to the main forms of art disputes, including the torts of negligence and conversion, breach of contract and breach of trust. Also refers to limitation periods applicable to actions in conversion in other jurisdictions, and also to the English Foreign Limitation Periods Act 1984. Discusses the proposals of the Law Commission of England and Wales for reform of the limitation periods in English law. TAKEN FROM JOURNAL ABSTRACT. |
| 650 ## - SUBJECT ADDED ENTRY--TOPICAL TERM | |
| Topical term or geographic name entry element | LIMITATION PERIODS |
| 650 ## - SUBJECT ADDED ENTRY--TOPICAL TERM | |
| Topical term or geographic name entry element | FOREIGN LIMITATION PERIODS ACT 1984 |
| 650 ## - SUBJECT ADDED ENTRY--TOPICAL TERM | |
| Topical term or geographic name entry element | ART DISPUTES |
| 650 ## - SUBJECT ADDED ENTRY--TOPICAL TERM | |
| Topical term or geographic name entry element | LIMITATION ACT 1980 |
| 690 ## - LOCAL SUBJECT ADDED ENTRY--TOPICAL TERM (OCLC, RLIN) | |
| Topical term or geographic name as entry element | Arts and antiques |
| 9 (RLIN) | 6217 |
| 942 ## - ADDED ENTRY ELEMENTS (KOHA) | |
| Suppress in OPAC | 0 |
| Withdrawn status | Lost status | Source of classification or shelving scheme | Damaged status | Not for loan | Home library | Current library | Shelving location | Date acquired | Total Checkouts | Full call number | Barcode | Date last seen | Copy number | Price effective from | Koha item type |
|---|---|---|---|---|---|---|---|---|---|---|---|---|---|---|---|
| Dewey Decimal Classification | London | London | Journal article | 09/04/2001 | X111947 | 111947-1001 | 06/08/2019 | 1 | 06/08/2019 | Journal article |